Central Library OPAC University of Rajshahi

Life insurance / (Record no. 5035)

MARC details
000 -LEADER
fixed length control field 00769nam a2200253 a 4500
001 - CONTROL NUMBER
control field 5035
003 - CONTROL NUMBER IDENTIFIER
rucl marc code BD-RjUL
005 - DATE AND TIME OF LATEST TRANSACTION
control field 20211208234010.0
008 - FIXED-LENGTH DATA ELEMENTS--GENERAL INFORMATION
fixed length control field 160822s1945 nyuak a 000 0 eng d
035 ## - SYSTEM CONTROL NUMBER
System control number (BD-RjUL)5071
040 ## - CATALOGING SOURCE
Original cataloging agency PR1
Transcribing agency PR1
Modifying agency BD-RjUL
Language of cataloging eng
041 ## - LANGUAGE CODE
Language code of text/sound track or separate title eng
082 ## - DEWEY DECIMAL CLASSIFICATION NUMBER
Edition number 23
Classification number 368.3
Author mark and year MAL 1945
100 1# - MAIN ENTRY--PERSONAL NAME
Personal name Maclean, Joseph B.
Fuller form of name (Joseph Brotherton),
Dates associated with a name 1889-
9 (RLIN) 149287
245 10 - TITLE STATEMENT
Title Life insurance /
Statement of responsibility, etc. Joseph B. Maclean
250 ## - EDITION STATEMENT
Edition statement 6th ed.
260 ## - PUBLICATION, DISTRIBUTION, ETC. (IMPRINT)
Place of publication, distribution, etc. New York ;
-- London:
Name of publisher, distributor, etc. McGraw-Hill Book Company, Inc.,
Date of publication, distribution, etc. 1945
300 ## - PHYSICAL DESCRIPTION
Pagination xiv, 670 p. ;
Illustrations ill. ;
Size 21 cm.
490 1# - SERIES STATEMENT
Series statement McGraw-Hill insurance series
650 #0 - SUBJECT ADDED ENTRY--TOPICAL TERM
Topical term or geographic name as entry element Life insurance
9 (RLIN) 149288
776 1# - ADDITIONAL PHYSICAL FORM ENTRY
Qualifying information Original
Record control number (DLC) 45008852
830 #0 - SERIES ADDED ENTRY--UNIFORM TITLE
Uniform title McGraw-Hill insurance series.
942 ## - ADDED ENTRY ELEMENTS (KOHA)
Source of classification or shelving scheme Dewey Decimal Classification
Koha item type Books
Holdings
Lost status Source of classification or shelving scheme Damaged status Not for loan Collection code Permanent Location Current Location Shelving location Date acquired Source of acquisition Total Checkouts Full call number Date last seen Copy number Koha item type
  Dewey Decimal Classification     Non-fiction Central Library, University of Rajshahi Central Library, University of Rajshahi   24/02/1958 U.S.I.S   368.3 MAL 1945 22/08/2016 C-2 Books